| 000 | 00798nam a2200253Ia 4500 | ||
|---|---|---|---|
| 003 | OSt | ||
| 005 | 20220926013506.0 | ||
| 006 | a|||||r|||| 00| 0 | ||
| 007 | ta | ||
| 008 | 220923b |||||||| |||| 00| 0 eng d | ||
| 020 |
_a9781682512807 _c10213.80 |
||
| 037 |
_b273, 12/03/2019, CLASSIC BOOKS SERVICES _cGeneral Book |
||
| 040 |
_aRTL _cRTL _beng |
||
| 041 |
_2eng _aeng |
||
| 082 | _aX:514-8, Q7 | ||
| 100 |
_aHEALEY Stephen _9318455 |
||
| 245 | 0 | _aSales and advertising management | |
| 260 |
_aNew York _bIntelliz Press _c2017 |
||
| 300 |
_axiii, 302p. _ccm. |
||
| 500 | _aBibliography: p 200-216; Glossary: p 194-199 | ||
| 650 | _aCommerce | ||
| 942 |
_hX:514-8, Q7 _cGB _2CC |
||
| 999 |
_c626102 _d626102 |
||